000 01146nam a2200313 i 4500
003 EG-GICUC
005 20260418104455.0
008 260418s1914 fr fr|||| 000 0 fre d
040 _aEG-GiCUC
_bfre
_cEG-GiCUC
_dEG-GiCUC
_eRda
041 _afre
082 0 4 _221
_a343.5
_bGA . D
092 0 4 _221
099 _aLAW1 10 343.5 GA . D 3 ed - 1914
100 1 _aGARRAUD . R
_eAuteur
245 _aTraité Theorique Et Pratique Du Droit Pénal Français:
_nTome Deuxieme/
_cPar R. Garraud.
250 _aTroisième Édition Complètement Resue Et Considérablement Augmentée.
264 _aParts :
_bLibrairie Du Recueil Sirey,
_c1914.
300 _a851 page ;
_c 24 cm.
336 _2rda contenu
_a texte
337 _2rda medias
_aOrdinateur
338 _2 transporteur rda
_a Ressource en ligne
504 _aLa Première Édition De Cet Ouvrage A Été Couronnée Par L'académie Des Sciences Morales Et Politiques: Prix Wolosaski.
546 _aTexte en français
650 1 4 _aDroit Pénal
_2qrmak
651 1 _2qrmak
856 4 0 _uhttps://fll.law.cu.edu.eg/fulltext/bks/B10-00357.pdf
905 _a171
942 _2ddc
_cBK
_e21
_n0
999 _c71618
_d71618